| 000 | 01439cam a2200421 4500 | ||
|---|---|---|---|
| 999 |
_c23502 _d23502 |
||
| 001 | vtls012007382 | ||
| 005 | 20221013131024.0 | ||
| 008 | 220509s2020 xo gr 010 f slo | ||
| 020 |
_a9788055172262 _q(viazané) |
||
| 035 | _aurn:nbn:sk:snk-am00ghon | ||
| 035 | _aurn:nbn:sk:snk-am3j7ky | ||
| 035 | _a2018684B-41C6-4D7F-86C0-E27281C5D0B0 | ||
| 040 |
_aTVZK _bslo _cTVZK _erda |
||
| 041 | 1 |
_aslo _heng |
|
| 044 |
_axo _cSK |
||
| 072 | 7 |
_a821.111-3 _xAnglická próza, anglicky písaná _2konspekt |
|
| 080 |
_a821.111(94)-31 _22011 |
||
| 080 |
_a82-311.4 _22011 |
||
| 100 | 1 |
_aRimmer, Kelly _4aut _93731 |
|
| 240 | 1 | 4 |
_aThe Secret Daughter _lSlovensky |
| 245 | 1 | 0 |
_aUtajená dcéra _cKelly Rimmerová ; preložila Lucia Lukáčová |
| 250 | _aPrvé vydanie | ||
| 264 | 1 |
_aBratislava _bIkar _c2020 |
|
| 300 |
_a296 strán _c21 cm |
||
| 336 |
_atext _btxt _2rdacontent |
||
| 337 |
_abez média _bn _2rdamedia |
||
| 338 |
_azväzok _bnc _2rdacarrier |
||
| 500 | _aNa prebale: Jedna ju opustila, druhá podvodom získala. Ktorá z nich je skutočnou matkou? | ||
| 500 | _aPreložené z angličtiny | ||
| 500 | _aObsahuje biografické údaje o autorke | ||
| 655 | 7 |
_aaustrálske romány _2SNKPH _91684 |
|
| 655 | 7 |
_aAustralian fiction _2SNKPHeng _91685 |
|
| 655 | 7 |
_aspoločenské romány _2SNKPH _912 |
|
| 655 | 7 |
_aSociety novels _2SNKPHeng _93645 |
|
| 700 | 1 |
_aLukáčová, Lucia _4trl _92602 |
|
| 958 | _aLX | ||
| 958 | _aUP | ||